| 000 | 00528nam a2200217Ia 4500 | ||
|---|---|---|---|
| 003 | OSt | ||
| 005 | 20220918192015.0 | ||
| 006 | a|||||r|||| 00| 0 | ||
| 007 | ta | ||
| 008 | 220917b |||||||| |||| 00| 0 eng d | ||
| 024 | _a66,498 | ||
| 037 | _cTextual | ||
| 040 |
_aARTS _cARTS _beng |
||
| 041 |
_2eng _aeng |
||
| 082 | _aR3xG25x, J1-;1 | ||
| 100 | _aAquinas Thomas | ||
| 245 | 0 | _aPhilosophical texts | |
| 260 | _c1951 | ||
| 942 |
_hR3xG25x, J1-;1 _cTEXL _2CC |
||
| 999 |
_c192731 _d192731 |
||